Uma nova fauna Permo-Carbonifera do Brazil, (Record no. 26924)

MARC details
000 -LEADER
fixed length control field 00909cam a22002531 4500
001 - CONTROL NUMBER
control field gs 31000285
003 - CONTROL NUMBER IDENTIFIER
control field DLC
005 - DATE AND TIME OF LATEST TRANSACTION
control field 20260227111336.0
008 - FIXED-LENGTH DATA ELEMENTS--GENERAL INFORMATION
fixed length control field 810720s1930 bl f b 000 0 por c
010 ## - LIBRARY OF CONGRESS CONTROL NUMBER
LC control number gs 31000285
035 ## - SYSTEM CONTROL NUMBER
System control number (OCoLC)7598564
040 ## - CATALOGING SOURCE
Original cataloging agency U.S. Geological Survey
Transcribing agency NIC
Modifying agency DLC
050 00 - LIBRARY OF CONGRESS CALL NUMBER
Classification number QE235
Item number .A27 vol. 10
051 ## - LIBRARY OF CONGRESS COPY, ISSUE, OFFPRINT STATEMENT
Classification number QE729
Item number .R4
100 1# - MAIN ENTRY--PERSONAL NAME
Personal name Reed, F. R. C.
Fuller form of name (Frederick Richard Cowper),
Dates associated with a name 1869-
245 04 - TITLE STATEMENT
Title Uma nova fauna Permo-Carbonifera do Brazil,
Statement of responsibility, etc. pelo dr. F. R. Cowper Reed.
260 ## - PUBLICATION, DISTRIBUTION, ETC.
Place of publication, distribution, etc. Rio de Janeiro,
Name of publisher, distributor, etc. Papelaria Americana,
Date of publication, distribution, etc. 1930.
300 ## - PHYSICAL DESCRIPTION
Extent 45, 7 p., 1 leaf, VIII pl.
Dimensions 30 cm.
490 0# - SERIES STATEMENT
Series statement Brazil. Serviço geologico e mineralogico. Monographias,
Volume/sequential designation v. 10
500 ## - GENERAL NOTE
General note At head of title: Ministerio da agricultura, industria e commercio.
504 ## - BIBLIOGRAPHY, ETC. NOTE
Bibliography, etc. note Bibliographical foot-notes.
650 #0 - SUBJECT ADDED ENTRY--TOPICAL TERM
Topical term or geographic name entry element Paleontology
Geographic subdivision Brazil.
650 #0 - SUBJECT ADDED ENTRY--TOPICAL TERM
Topical term or geographic name entry element Paleontology
Chronological subdivision Carboniferous.

No items available.

Powered by Koha